Mixed Word: Dance Fads Quiz Stats

 Plays Quiz Updated Apr 11, 2012

Support Sporcle.
Go Orange.
Score 0/16 Timer 04:00
0 Plays Today
Mixed Word Dance % Correct
PUMBBump
99.2%
SWITTTwist
98.5%
UNBYN OHPBunny Hop
89.6%
HAC CAH LISDECha Cha Slide
87.7%
YONMEKMonkey
86.3%
HEYKO YOPKEHokey Pokey
86.2%
GRINUNN AMNRunning Man
78.9%
SHAMED PATOOTMashed Potato
73.5%
Mixed Word Dance % Correct
GACBEAB HAPCTCabbage Patch
70.8%
HYCA YARBEK THRAEAchy Breaky Heart
69.1%
RACEAMNAMacarena
69.1%
NICCEKHChicken
67.6%
CIRCLETE DELISElectric Slide
61.7%
SETHULHustle
51.8%
TIASUWWatusi
35%
EDIGUODougie
28.8%

You're not logged in!

Compare scores with friends on all Sporcle quizzes.
OR
Log In
Forgot?

From the Vault

Emoji Flags of Europe Minefield

by ryan14

Geography 2.5m
If you like using all the emojis available to you, you've got this in the bag, right?
Remove Ads.
Support Sporcle.
Get the best of Sporcle when you Go Orange. This ad-free experience offers more features, more stats, and more fun while also helping to support Sporcle. Thank you for becoming a member.

Show Comments

Extras

Top Quizzes Today


Score Distribution

Your Account Isn't Verified!

In order to create a playlist on Sporcle, you need to verify the email address you used during registration. Go to your Sporcle Settings to finish the process.

Report this User

Report this user for behavior that violates our Community Guidelines.

Details: